00326nam a22001097a 4500082001300000100003800013245009100051260004000142300000900182563000700191650001800198 a290bMAN aDr. Muhammad Mushtaq Ahmad Mangat aBani Israel sey Israel tak: teen mazahab ka markaz/cDr. Muhammad Mushtaq Ahmad Mangat aLahore:bAasim publications;c2021. a83p. aPB aBani Israel,